Introduccin̤ al Derecho Pb︢lico Comparado

Bibliographic Details
Main Author: Pegoraro , Lucio
Format: eBook
Language:Spanish
Published: Lima: Editorial Palestra, 2006
Subjects:
Online Access:Acceso restringido

MARC

LEADER 00000nam a22000007a 4500
005 2012070408198.0
007 cr|||| ||||
008 120704s2006 pe |||||s|||| 00||0 spa d
020 |a 9972-224-19-8 
035 |a 6481 
040 |a vLex 
090 |c 3263  |d 3263 
100 1 |a Pegoraro , Lucio 
245 1 0 |a Introduccin̤ al Derecho Pb︢lico Comparado  |h [Recurso electrn̤ico] /  |c Lucio Pegoraro, Angelo Rinella  
256 |a Servicio en ln̕ea 
260 |a Lima:  |b Editorial Palestra,  |c 2006 
300 |a 1 recurso electrn̤ico 
506 1 |a Contenido solo disponible en los productos indicados  |d vLex Global   |d vLex Global (Academic Edition, excluding Law Schools)   |d vLex Global (U.S. Academic Edition, Law Schools)   |d vLex Global (U.S. Academic Edition, excluding Law Schools)   |d vLex Global (Academic Edition, Law Schools)  
650 0 4 |a Derecho Pb︢lico  |z Per︢ 
740 0 |a vLex Libros (Servicio en ln̕ea) 
856 4 0 |u http://vlex.com/source/introduccion-derecho-publico-comparado-6481  |z Acceso restringido 
942 |c BOOK 
999 0 |a Public law